| Tag |
First Indicator |
Second Indicator |
Subfields |
| LEADER |
00000cam a2200000 4500 |
| 001 |
in00000013107 |
| 005 |
20190207093348.0 |
| 008 |
700316s1970 maua 00010 eng |
| 010 |
|
|
|a 72080418
|
| 035 |
|
|
|a (OCoLC)00059673
|
| 035 |
|
|
|9 AAA7317AM
|
| 040 |
|
|
|a DLC
|c DLC
|d TXA
|d UtOrBLW
|
| 049 |
|
|
|a TXAM
|c [1135395]
|
| 050 |
0 |
0 |
|a RA781
|b .B38
|
| 050 |
|
4 |
|a GV482
|b .B4
|
| 082 |
0 |
|
|a 613.7/1
|
| 100 |
0 |
|
|a Beck, Toni.
|
| 245 |
1 |
0 |
|a Fashion your figure :
|b the ten-minutes-a-day program for fitness /
|c Toni Beck and Patsy Swank ; illustrated by George S. Eisenberg.
|
| 264 |
|
1 |
|a Boston :
|b Houghton Mifflin,
|c 1970.
|
| 300 |
|
|
|a x, 68 pages :
|b illustrations ;
|c 23 cm.
|
| 336 |
|
|
|a text
|b txt
|2 rdacontent
|
| 337 |
|
|
|a unmediated
|b n
|2 rdamedia
|
| 338 |
|
|
|a volume
|b nc
|2 rdacarrier
|
| 500 |
|
|
|a The Cushing Library/Chapman Texas Collection copy is part of the Floyd & Louise Chapman Texas & Borderlands Collection.
|5 TXA
|
| 500 |
|
|
|a "The Texas Cookbook Collection."
|
| 536 |
|
|
|a The Cushing Library/Texas & Borderlands copy was donated by Bonnie and John Kamenar.
|
| 650 |
|
0 |
|a Exercise for women.
|
| 650 |
|
0 |
|a Cooking, American.
|
| 700 |
1 |
|
|a Swank, Patsy.
|
| 999 |
|
|
|a MARS
|
| 999 |
f |
f |
|s a5a6e54e-8f8e-34d1-979d-0b4f60df750c
|i 50b4278a-fd56-340e-80ea-d6591b0320e6
|t 0
|
| 952 |
f |
f |
|p noncirc
|a Texas A&M University
|b College Station
|c Cushing Memorial Library & Archives
|d Cushing: Chapman Texas Collection (Does not check out)
|t 0
|e GV482 .B4
|h Library of Congress classification
|i unmediated -- volume
|
| 952 |
f |
f |
|p ric
|a Texas A&M University
|b Rellis Campus
|c Joint Library Facility
|d Remote Storage
|t 0
|e GV482 .B4
|h Library of Congress classification
|i unmediated -- volume
|m A14810780861
|
| 998 |
f |
f |
|a GV482 .B4
|t 0
|l Cushing: Chapman Texas Collection (Does not check out)
|
| 998 |
f |
f |
|a GV482 .B4
|t 0
|l Remote Storage
|